000 00317nam a2200133Ia 4500
005 20260328104318.0
008 260328s9999||||xx |||||||||||||| ||und||
100 _aEscher, M.C.
245 0 _aM.C. Escher ,Estampas y Dibujos /
_cM.C. Escher
260 _bTaschen
300 _a76 p.
650 _aDIBUJO
942 _cBK
999 _c11253
_d11253